000 00582nam a2200229Ia 4500
003 OSt
005 20220928145717.0
006 a|||||r|||| 00| 0
007 ta
008 220927b |||||||| |||| 00| 0 eng d
024 _a82332
037 _cTextual
040 _aSDCL
_cSDCL
_beng
041 _2eng
_aeng
082 _aXjN09, L6
100 _aGhosh P K Ed.
245 0 _aBusiness,economics & planning.
260 _c1976
700 _a Minocha V S Ed.
_9514332
942 _hXjN09, L6
_cTEXL
_2CC
999 _c835054
_d835054